000 00561nam a2200205Ia 4500
005 20250326141326.0
008 250326s9999 xx 000 0 und d
020 _a0-13-544699-4
037 _aTextbook
040 _aFMSL
_beng
_cFMSL
041 _aeng
_2eng
084 _aX:89A N2
_qFMSL
100 _aKuczmarshi TD
_9744180
245 0 _aManaging new products: power of Innovation
_cKuczmarshi TD
250 _a2
260 _aNew
_bNew, Jersy Prentice-Hall
_c1992
300 _a317p
942 _cTB
_hX:89A N2
999 _c1289781
_d1289781